| Tag |
First Indicator |
Second Indicator |
Subfields |
| LEADER |
00000pam a2200000 a 4500 |
| 001 |
in00000081306 |
| 005 |
20151008061024.0 |
| 008 |
800331s1980 nyua b 00110 engm |
| 010 |
|
|
|a 80014120
|
| 020 |
|
|
|a 067031997X :
|c $50.00
|
| 035 |
|
|
|a (OCoLC)06223253
|
| 035 |
|
|
|9 AAJ7127AM
|
| 040 |
|
|
|a DLC
|c DLC
|d m.c.
|d TXA
|d UtOrBLW
|
| 043 |
|
|
|a e-it---
|
| 049 |
|
|
|a TXAM
|c [1196550]
|
| 050 |
0 |
0 |
|a NB1287.F6
|b F56 1980
|
| 082 |
0 |
|
|a 730/.92/4
|
| 100 |
1 |
|
|a Finn, David.
|
| 245 |
1 |
4 |
|a The Florence Baptistery doors /
|c introduction, Kenneth Clark ; photographs, David Finn ; commentaries by George Robinson.
|
| 264 |
|
1 |
|a New York :
|b Viking Press,
|c 1980.
|
| 300 |
|
|
|a 328 pages :
|b illustrations (some color) ;
|c 31 cm.
|
| 336 |
|
|
|a text
|b txt
|2 rdacontent
|
| 337 |
|
|
|a unmediated
|b n
|2 rdamedia
|
| 338 |
|
|
|a volume
|b nc
|2 rdacarrier
|
| 490 |
0 |
|
|a A Studio book
|
| 500 |
|
|
|a Includes index.
|
| 504 |
|
|
|a Bibliography: page 327.
|
| 600 |
1 |
0 |
|a Ghiberti, Lorenzo,
|d 1378-1455.
|
| 650 |
1 |
0 |
|a Battistero di San Giovanni (Florence, Italy).
|b Porte di bronzo.
|
| 700 |
1 |
|
|a Clark, Kenneth,
|d 1903-1983.
|
| 700 |
1 |
|
|a Robinson, George,
|d 1931-
|
| 999 |
|
|
|a MARS
|
| 999 |
f |
f |
|s dd838048-e6ff-381c-9e42-f9cb4d7bde25
|i c722ae05-d138-3617-b10f-1058051117d4
|t 0
|
| 952 |
f |
f |
|p normal
|a Texas A&M University
|b College Station
|c Sterling C. Evans Library
|d Evans: Library Stacks
|t 0
|e NB1287.F6 F56 1980
|h Library of Congress classification
|i unmediated -- volume
|m A14806169087
|
| 998 |
f |
f |
|a NB1287.F6 F56 1980
|t 0
|l Evans: Library Stacks
|